| 000 | 00328nam a22001097a 4500 | ||
|---|---|---|---|
| 008 | 220110b |||||||| |||| 00| 0 eng d | ||
| 245 | _aRig Tshoel : Research Journal of the Royal Thimphu College | ||
| 260 |
_aThimphu : _bRoyal Thimphu College, _c2021. |
||
| 300 |
_a154 p. _bVol.4 No.1 _c24 cm. |
||
| 650 | _aRig tshoel | ||
| 942 | _2ddc | ||
| 999 |
_c8917 _d8918 |
||